The fantasticks : America's longest-running play /

Bibliographic Details
Main Author: Farber, Donald C.
Other Authors: Viagas, Robert
Format: Book
Language:English
Published: Secaucus, NJ : Carol Pub. Group, 1995.
Edition:Carol Publishing Group ed.
Subjects:

MARC

Tag First Indicator Second Indicator Subfields
LEADER 00000cam a2200000 a 4500
001 in00001267921
005 20151004050729.0
008 950509s1995 njuaf 001 0 eng
010 |a  95019779  
020 |a 0806516739 (pbk.) 
035 |a (OCoLC)32549035 
035 |9 AGW2944AM 
040 |a DLC  |c DLC  |d TXA  |d UtOrBLW 
049 |a TXAM 
050 0 0 |a ML410.S26143  |b F43 1995 
082 0 0 |a 782.1/4  |2 20 
100 1 |a Farber, Donald C. 
240 1 0 |a Amazing story of The fantasticks 
245 1 4 |a The fantasticks :  |b America's longest-running play /  |c Donald C. Farber and Robert Viagas. 
250 |a Carol Publishing Group ed. 
264 1 |a Secaucus, NJ :  |b Carol Pub. Group,  |c 1995. 
300 |a xi, 240 pages, 16 unnumbered pages of plates :  |b illustrations ;  |c 23 cm. 
336 |a text  |b txt  |2 rdacontent 
337 |a unmediated  |b n  |2 rdamedia 
338 |a volume  |b nc  |2 rdacarrier 
500 |a Originally published: Amazing story of The fantasticks. New York, N.Y. : Carol Pub. Group, c1991. 
500 |a Includes index. 
500 |a "A Citadel Press book." 
600 1 0 |a Schmidt, Harvey.  |t Fantasticks. 
700 1 |a Viagas, Robert. 
999 |a MARS 
999 f f |s 152441b7-9527-3015-b693-e397b7266764  |i 5961781c-daf7-3263-9930-c4ec30542b2c  |t 0 
952 f f |p ric  |a Texas A&M University  |b Rellis Campus  |c Joint Library Facility  |d Remote Storage  |t 0  |e ML410.S26143 F43 1995  |h Library of Congress classification  |i unmediated -- volume  |m A14819910293 
998 f f |a ML410.S26143 F43 1995  |t 0  |l Remote Storage